000 00470nam a2200181 4500
001 17391
005 20230410105519.0
008 060907n1995 dr spa
020 _a0340614528
035 _9funglode17527
041 _aEN
050 1 4 _aHC 59.7 D489 1995
245 0 _aDevelopment studies a reader /
_cEdited by Stuart Corbrdge
260 _aLondon :
_bArnold,
_c1995
300 _axix, 475 p.
700 _aCorbrdge, Stuart
942 _2lcc
_cbk
999 _c38272
_d38272